Workbook and Answer Key for Use with the Gregg: REFERENCE Manual, (Record no. 5002)

MARC details
005 - DATE AND TIME OF LATEST TRANSACTION
control field 20250625102318.0
020 ## - INTERNATIONAL STANDARD BOOK NUMBER
International Standard Book Number 0-07-089167-2
082 ## - DEWEY DECIMAL CLASSIFICATION NUMBER
Classification number 421WOR
100 ## - MAIN ENTRY--PERSONAL NAME
Author name SABIN. W. A.
245 ## - TITLE STATEMENT
Title Workbook and Answer Key for Use with the Gregg: REFERENCE Manual,
250 ## - EDITION STATEMENT
Edition statement 6th Ed.
260 ## - PUBLICATION, DISTRIBUTION, ETC.
Place of publication, distribution, etc. New York,
Name of publisher, distributor, etc. McGraw-Hill,
Date of publication, distribution, etc. 2004.
300 ## - PHYSICAL DESCRIPTION
Extent viii, 70p,; ill.;
Dimensions 27.5cm
700 ## - ADDED ENTRY--PERSONAL NAME
Other authors/Editors MILLAR, W.K.
942 ## - ADDED ENTRY ELEMENTS (KOHA)
Source of classification or shelving scheme Dewey Decimal Classification
Koha item type Books
Holdings
Date last seen Total checkouts Full call number Barcode Cost, replacement price Price effective from Koha item type Lost status Source of classification or shelving scheme Damaged status Not for loan Withdrawn status Home library Current library Shelving location Date acquired Cost, normal purchase price
06/25/2025   371.8ELL DOM0002884 16500.00 06/25/2025 Books   Dewey Decimal Classification       CBE Dodoma CBE Dodoma General Collection 07/24/2009 5500.00